Statistics for Top 10 Coconut Producing Countries

Click here to take the quiz!

General Stats

  • This quiz has been taken 210 times
  • The average score is 7 of 10

Answer Stats

Production (Metric Tonnes)Country% Correct
1,973,370Brazil
90%
21,565,700Indonesia
88%
10,148,000India
88%
1,380,980Thailand
80%
15,667,600Philippines
78%
1,128,500Vietnam
75%
1,004,710Mexico
72%
2,099,000Sri Lanka
54%
930,000Papua New Guinea
43%
577,099Tanzania
26%

Score Distribution

Percentile by Number Answered

Percent of People with Each Score

Your Score History

You have not taken this quiz